Religión y ciencia
Bewaard in:
| Hoofdauteur: | |
|---|---|
| Formaat: | Boek |
| Taal: | Spaans |
| Gepubliceerd in: |
Ciudad de México
Fondo de Cultura Económica
1951
|
| Reeks: | Breviarios del Fondo de Cultura Económica, 55
|
| Onderwerpen: | |
| Tags: |
Voeg label toe
Geen labels, Wees de eerste die dit record labelt!
|
MARC
| LEADER | 00000nam a2200000 a 4500 | ||
|---|---|---|---|
| 001 | UCZ6545 | ||
| 003 | CL-VaPUC | ||
| 008 | 951211e19510000MX |||||||||||||||||spa|d | ||
| 082 | 0 | 4 | |a 215 |b RUS |2 21 |
| 100 | 0 | |a Russell, Bertrand |e author |9 323650 | |
| 245 | 1 | 0 | |a Religión y ciencia |
| 300 | |a 172 p | ||
| 942 | |c BK | ||
| 945 | |d 19951211 00:00:00 |a cmena | ||
| 260 | |a Ciudad de México |b Fondo de Cultura Económica |c 1951 | ||
| 650 | 0 | |a Religión |9 255164 | |
| 650 | 0 | |a Ciencias |9 327866 | |
| 650 | 0 | |a Demonología |9 314401 | |
| 650 | 0 | |a Medicina |9 258507 | |
| 650 | 0 | |a Misticismo |9 265505 | |
| 650 | 0 | |a Ética |9 255099 | |
| 583 | |a last modification |c 19951211 00:00:00 |k Rodrigo Vera | ||
| 490 | 0 | |a Breviarios del Fondo de Cultura Económica, 55 | |
| 999 | |c 242744 |d 242742 | ||